Statistics for NBA Finals MVP - Tile Select

Click here to take the quiz!

General Stats

  • This quiz has been taken 296 times
    (125 since last reset)
  • The average score is 48 of 64

Answer Stats

QuestionTileSelect% Correct
NBA Finals MVPKareem Abdul-JabbarYes
99%
NBA Finals MVPKobe BryantYes
99%
NBA Finals MVPStephen CurryYes
98%
NBA Finals MVPGiannis AntetokounmpoYes
97%
NBA Finals MVPLarry BirdYes
96%
NBA Finals MVPRay AllenNo
96%
NBA Finals MVPTim DuncanYes
95%
NBA Finals MVPCharles BarkleyNo
94%
NBA Finals MVPKevin DurantYes
92%
NBA Finals MVPKyrie IrvingNo
87%
NBA Finals MVPLeBron JamesYes
87%
NBA Finals MVPPau GasolNo
87%
NBA Finals MVPWilt ChamberlainYes
87%
NBA Finals MVPMichael JordanYes
86%
NBA Finals MVPNate ThurmondNo
86%
NBA Finals MVPGus WilliamsNo
85%
NBA Finals MVPHakeem OlajuwonYes
85%
NBA Finals MVPJason KiddNo
85%
NBA Finals MVPMagic JohnsonYes
85%
NBA Finals MVPPatrick EwingNo
85%
NBA Finals MVPReggie MillerNo
85%
NBA Finals MVPRobert HorryNo
85%
NBA Finals MVPScottie PippenNo
85%
NBA Finals MVPShaquille O'NealYes
85%
NBA Finals MVPHal GreerNo
84%
NBA Finals MVPJohn StocktonNo
84%
NBA Finals MVPKawhi LeonardYes
84%
NBA Finals MVPDave CowensNo
83%
NBA Finals MVPElgin BaylorNo
83%
NBA Finals MVPManu GinobiliNo
83%
NBA Finals MVPNikola JokićYes
83%
NBA Finals MVPTom HeinsohnNo
83%
NBA Finals MVPDirk NowitzkiYes
82%
NBA Finals MVPSteve NashNo
82%
NBA Finals MVPAllen IversonNo
81%
NBA Finals MVPDwyane WadeYes
81%
NBA Finals MVPKarl MaloneNo
80%
NBA Finals MVPAndre IguodalaYes
78%
NBA Finals MVPGeorge GervinNo
78%
NBA Finals MVPBob McAdooNo
77%
NBA Finals MVPIsiah ThomasYes
75%
NBA Finals MVPJerry WestYes
69%
NBA Finals MVPElvin HayesNo
68%
NBA Finals MVPKevin GarnettNo
66%
NBA Finals MVPPaul PierceYes
66%
NBA Finals MVPTony ParkerYes
66%
NBA Finals MVPBob CousyNo
65%
NBA Finals MVPChauncey BillupsYes
65%
NBA Finals MVPMoses MaloneYes
62%
NBA Finals MVPBill WaltonYes
57%
NBA Finals MVPBob PettitNo
57%
NBA Finals MVPJohn HavlicekYes
57%
NBA Finals MVPDavid RobinsonNo
55%
NBA Finals MVPJames WorthyYes
55%
NBA Finals MVPRick BarryYes
53%
NBA Finals MVPOscar RobertsonNo
52%
NBA Finals MVPJulius ErvingNo
51%
NBA Finals MVPWes UnseldYes
49%
NBA Finals MVPJoe DumarsYes
48%
NBA Finals MVPWillis ReedYes
45%
NBA Finals MVPJo Jo WhiteYes
35%
NBA Finals MVPCedric MaxwellYes
34%
NBA Finals MVPBill RussellNo
33%
NBA Finals MVPDennis JohnsonYes
27%

Score Distribution

Percentile by Number Answered

Percent of People with Each Score

Your Score History

You have not taken this quiz since the last reset